[Event "30. Staufer-Open (B)"]
[Site "?"]
[Date "2018.01.06"]
[Round "9"]
[White "Nitsche, Nikolai"]
[Black "Petrashov, Alexander"]
[Result "1/2-1/2"]
[WhiteElo "1612"]
[BlackElo "1992"]
[PlyCount "125"]
[EventDate "2018.??.??"]
[WhiteTeam "SV Empor Berlin e.V."]
[BlackTeam "SC Noris-Tarrasch Nürnberg 1873"]

1. e4 e6 2. d4 d5 3. exd5 exd5 4. Nf3 Nf6 5. Bd3 Bd6 6. O-O O-O 7. Bg5 c6 8. c3
h6 9. Bh4 Nbd7 10. Nbd2 Re8 11. Qc2 Nf8 12. Rae1 Be6 13. Bf5 g5 14. Bxe6 Nxe6
15. Bg3 Nh5 16. Bxd6 Qxd6 17. Re5 Nhf4 18. Rfe1 Kg7 19. R5e3 Re7 20. Ne5 Rae8
21. Qf5 f6 22. Ng4 Nf8 23. Rxe7+ Rxe7 24. Rxe7+ Qxe7 25. Ne3 Qe6 26. Qc2 Kf7
27. Qb3 Qe7 28. Nf3 b6 29. c4 Qe4 30. cxd5 cxd5 31. Qc2 f5 32. Ne5+ Kg8 33.
Qxe4 fxe4 34. Kf1 N8e6 35. g3 Nd3 36. Nxd3 exd3 37. Nxd5 Nxd4 38. Ke1 Nf3+ 39.
Kd1 Nxh2 40. Ne7+ Kf7 41. Nc8 Ng4 42. f3 Ne5 43. Nxa7 Nxf3 44. Nc8 h5 45. Nxb6
h4 46. gxh4 gxh4 47. Nc4 Ke6 48. Ne3 h3 49. Nf1 Kd5 50. a4 Kc4 51. a5 Kb5 52.
b4 Ka6 53. Kc1 Kb5 54. Kd1 Ne5 55. Kd2 Kc4 56. a6 Kd4 57. b5 Nc4+ 58. Kd1 Kc3
59. a7 Nb6 60. Ke1 Kc2 61. Kf2 Kd1 62. Ne3+ Kc1 63. Nf1 1/2-1/2

[Event "30. Staufer-Open (B)"]
[Site "?"]
[Date "2018.01.06"]
[Round "9"]
[White "Bajorski, Leszek"]
[Black "Reindl, Knut"]
[Result "1-0"]
[WhiteElo "1960"]
[BlackElo "1814"]
[PlyCount "73"]
[EventDate "2018.??.??"]
[WhiteTeam "SV 1920 Hofheim"]
[BlackTeam "SG Schwäbisch Gmünd 1872 e.V"]

1. e4 c5 2. Nf3 d6 3. d4 cxd4 4. Nxd4 Nf6 5. Nc3 g6 6. Be2 Bg7 7. O-O O-O 8.
Nb3 Nc6 9. Bg5 a6 10. f4 Bd7 11. Qe1 h6 12. Bh4 b5 13. Bf3 Rc8 14. Kh1 Re8 15.
Nd5 Nxd5 16. exd5 Nd4 17. Nxd4 Bxd4 18. c3 Bf6 19. Bxf6 exf6 20. Qh4 Kg7 21.
Rae1 Qa5 22. a3 Qa4 23. Be2 Qc2 24. Bd1 Qxb2 25. g4 Qxc3 26. g5 h5 27. Rxe8
Rxe8 28. Bxh5 gxh5 29. gxf6+ Qxf6 30. Rg1+ Bg4 31. Qxh5 Kf8 32. Qxg4 Re3 33.
Qg8+ Ke7 34. Rc1 Qg6 35. Rc7+ Kf6 36. Rxf7+ Qxf7 37. Qg5# 1-0

[Event "30. Staufer-Open (B)"]
[Site "?"]
[Date "2018.01.06"]
[Round "9"]
[White "Lichtmannecker, Daniel"]
[Black "Injac, Petar"]
[Result "1-0"]
[WhiteElo "1833"]
[BlackElo "1874"]
[PlyCount "77"]
[EventDate "2018.??.??"]
[WhiteTeam "FC Ergolding 1932 e.V."]
[BlackTeam "SF 1876 Göppingen"]

1. d4 d6 2. Nf3 Bg4 3. c4 Nf6 4. g3 c6 5. Bg2 Qc7 6. O-O Nbd7 7. Nc3 e5 8. e4
Be7 9. Be3 O-O 10. Rc1 exd4 11. Bxd4 Ne5 12. Qe2 Rfe8 13. h3 Nxf3+ 14. Bxf3
Bxh3 15. Rfe1 Be6 16. Kg2 Nd7 17. Rh1 Ne5 18. b3 Bf6 19. Bh5 Qd7 20. f4 Bg4 21.
Qf1 Bxh5 22. Rxh5 Ng4 23. Qd3 Bxd4 24. Qxd4 Nf6 25. Rhh1 Qg4 26. Rh4 Qg6 27.
Kf3 Rad8 28. g4 d5 29. cxd5 cxd5 30. e5 Nd7 31. Nxd5 f6 32. exf6 Qf7 33. Ne7+
Rxe7 34. fxe7 Qxe7 35. Qc4+ Kh8 36. Rch1 h6 37. g5 Rf8 38. Qe4 Ne5+ 39. Ke2 1-0